000 00655nam a22002297a 4500
003 UA-OsUOA
001 46732
007 ta
008 20070705b un ||||| |||| 00| 0 ukr d
100 _aДобин Е.
090 _a82.09
_bД55
942 _cBK
040 _aUA-OsUOA
_brus
_cUA-OsUOA
_dUA-OsUOA
245 _aЖизненный материал и художественный сюжет
300 _a229 с.
955 _a4
041 _arus
080 _a82.09
260 _aЛенинград
_bСоветский писатель
_c1956
650 7 _a82 Література. Літературознавство
_2UDC
999 _c332827
_d332827